| 000 | 00681nam a2200205Ii 4500 | ||
|---|---|---|---|
| 003 | JO-AjNU | ||
| 008 | 230605s9999||||xx |||||||||||||| ||und|| | ||
| 017 | _a2006/9/2524 | ||
| 040 |
_aJO-AjNU _bara _erda _cJO-AjNU |
||
| 041 | _aara | ||
| 050 | 1 | 4 | _aGV706.8 2006 |
| 100 | 3 |
_aالدلكي، زياد, _eauthor _950339 |
|
| 245 | 0 | 0 | _aتاريخ الأغوار الشمالية الرياضي |
| 264 | 3 | 1 | _aالأغوار: المؤلف، 2006 |
| 300 | _a81ص | ||
| 336 |
_atext _btxt _2rdacontent |
||
| 337 |
_aunmediated _bn _2rdamedia |
||
| 338 |
_avolume _bnc _2rdacarrier |
||
| 650 | 4 |
_aالالعاب الرياضية - الاغوار الشمالية - الاردن _950340 |
|
| 999 |
_aA22168 _c25736 _d25736 |
||